Statistics for Bordering Countries #5

Click here to take the quiz!

General Stats

  • This quiz has been taken 107 times
    (44 since last reset)
  • The average score is 44 of 51

Answer Stats

Hint Answer % Correct
NetherlandsBelgium
100%
AndorraFrance
100%
TunisiaAlgeria
100%
BelarusRussia
97%
NetherlandsGermany
97%
PeruBrazil
97%
PeruEcuador
95%
BelarusUkraine
95%
AndorraSpain
95%
TunisiaLibya
95%
North MacedoniaGreece
92%
BhutanChina
92%
PeruColombia
92%
SomaliaEthiopia
92%
BhutanIndia
92%
Saudi ArabiaIraq
92%
MexicoUnited States
92%
BelarusLithuania
92%
SloveniaCroatia
89%
PeruChile
89%
PeruBolivia
89%
Saudi ArabiaKuwait
89%
Saudi ArabiaOman
89%
Saudi ArabiaYemen
89%
North MacedoniaSerbia
87%
Saudi ArabiaUnited Arab Emirates
87%
BelarusPoland
87%
SomaliaDjibouti
87%
SomaliaKenya
87%
Saudi ArabiaQatar
84%
BelarusLatvia
84%
MexicoGuatemala
84%
MexicoBelize
84%
SloveniaItaly
82%
SenegalMali
79%
North MacedoniaBulgaria
79%
SenegalGambia
76%
Saudi ArabiaJordan
76%
SloveniaHungary
76%
North MacedoniaAlbania
74%
SenegalGuinea Bissau
74%
SenegalGuinea
74%
MalawiZambia
71%
SenegalMauritania
71%
MalawiTanzania
71%
North MacedoniaKosovo
71%
SloveniaAustria
68%
MalawiMozambique
68%

Score Distribution

Percentile by Number Answered

Percent of People with Each Score

Your Score History

You have not taken this quiz since the last reset